书目信息 |
| 题名: |
村上隆的艺术对谈集
|
|
| 作者: | 村上隆 主编 | |
| 分册: | ||
| 出版信息: | 北京 中信出版社 2019.6 |
|
| 页数: | 228页 | |
| 开本: | 21cm | |
| 丛书名: | ||
| 单 册: | ||
| 中图分类: | J-53 | |
| 科图分类: | ||
| 主题词: | 艺术--文集 | |
| 电子资源: | ||
| ISBN: | 978-7-5217-0539-3 | |
| 000 | 01058nam0 2200217 450 | |
| 001 | 2145644204 | |
| 005 | 20211116124049.12 | |
| 010 | @a978-7-5217-0539-3@dCNY59.80 | |
| 100 | @a20190510d2019 em y0chiy0110 ea | |
| 101 | 0 | @achi |
| 102 | @aCN@b110000 | |
| 105 | @ay z 000yy | |
| 200 | 1 | @a村上隆的艺术对谈集@9cun shang long de yi shu dui tan ji@f(日)村上隆主编 |
| 210 | @a北京@c中信出版社@d2019.6 | |
| 215 | @a228页@d21cm | |
| 330 | @a本书属于艺术类图书。本书为村上隆和日本文化领域的13位大师们的对谈集。村上隆主持并有13位大师的参与,最有代表性的日本大师们的现状和作品的社科人文类普及读物。大师中包括安藤忠雄、蜷川实花、奈良美智、佐藤可士和等知名度极高的大师,还包括庵野秀明、细川守、富野由悠季等亚文化界的明星。这本书总结迄今为止的13为大师们和村上隆的活动和作品,并探究其成功的原因。这本书还有13位大师们和村上隆授权的很多图片,视界突出,介绍的作品量和信息量非常多,相当于日本艺术界大师们的全集。 | |
| 606 | 0 | @a艺术@j文集 |
| 690 | @aJ-53@v5 | |
| 701 | 0 | @c(日)@a村上隆@9cun shang long@4主编 |
| 801 | 0 | @aCN@b山东中教@c20211112 |
| 905 | @aZUCC@dJ-53@e4 | |
| 村上隆的艺术对谈集/(日)村上隆主编.-北京:中信出版社,2019.6 |
| 228页;21cm |
| ISBN 978-7-5217-0539-3:CNY59.80 |
| 本书属于艺术类图书。本书为村上隆和日本文化领域的13位大师们的对谈集。村上隆主持并有13位大师的参与,最有代表性的日本大师们的现状和作品的社科人文类普及读物。大师中包括安藤忠雄、蜷川实花、奈良美智、佐藤可士和等知名度极高的大师,还包括庵野秀明、细川守、富野由悠季等亚文化界的明星。这本书总结迄今为止的13为大师们和村上隆的活动和作品,并探究其成功的原因。这本书还有13位大师们和村上隆授权的很多图片,视界突出,介绍的作品量和信息量非常多,相当于日本艺术界大师们的全集。 |
| ● |
| 相关链接 |
|
|
|
正题名:村上隆的艺术对谈集
索取号:J-53/4
 
预约/预借
| 序号 | 登录号 | 条形码 | 馆藏地/架位号 | 状态 | 备注 |
| 1 | 2000886975 | 2000886975 | 第三书库/ [索取号:J-53/4] |
已借出,限还日期为2025.12.31 借出人:孙君昊 |
|
| 2 | 2000886976 | 2000886976 | 第三书库/ [索取号:J-53/4] | 在馆 | |
| 3 | 2000886977 | 2000886977 | 第三书库/ [索取号:J-53/4] | 在馆 |